| 000 | 00534nam a2200181 a 4500 | ||
|---|---|---|---|
| 005 | 20230527063538.0 | ||
| 008 | 030814s2000 mx r 000 0 spa d | ||
| 020 | _a9508080728 | ||
| 035 | _aUPN01000127939 | ||
| 049 | _aCG | ||
| 050 | 4 |
_aHQ35 _bG8.2 |
|
| 100 | 1 | _aGuelman de Javkin, Mirta | |
| 245 | 1 | 0 |
_aAdolescencia : _bprólogo para una adultez entera / _cMirta Guelman de Javkin. |
| 260 |
_aRosario, Arg. : _bHomo Sapiens, _cc2000. |
||
| 300 |
_a183 p. : _bil. |
||
| 650 | 4 |
_aPsicología del adolescente _91013 |
|
| 905 | _aLibro | ||
| 999 |
_c100118 _d100118 |
||